LEADER 01315nam a2200337 a 4500 001 000000123852 003 CaOOAMICUS 005 20101129135310.0 008 101129t2010 it u000 u ita r 040 $aPUL$bita 041 1 $aita$hlat 082 04$a909 100 1 $aCanfora, Luciano,$d1942-$0(OLS)http://pul/name/7932 245 10$aGiulio Cesare :$b[il dittatore democratico] /$c[Luciano Canfora]. 260 $aMilano :$bMondadori,$c©2010. 300 $aXV, 603 p. ;$c18 cm 490 1 $aClassici della storia ;$v10 500 $aInclude indice. 504 $aBibliografia in nota. 546 $aTesto latino a fronte. 600 14$aCaesar, Gaius Iulius,$d100-44 a.C.$0(OLS)http://pul/subject/10372 740 0 $aDe bello civili. 830 0$aClassici della storia ;$v10.$0(OLS)http://pul/title/155349 850 $aPUL 852 $aPUL$W1$xSL Cons. Gen., Altre Classi 3$y75$m909 COLL 3.10$j142679$qDDC 21$B141646$CPULBib$Z2$F141646 $H115165 $82 941 1 $a9 996 $6082$a909$9(OLS)http://pul/classification/566 996 $6740$aDe bello civili$9(OLS)http://pul/title/156121 996 $6245$aGiulio Cesare :$b[il dittatore democratico]$9(OLS)http://pul/title/156120 996 $6260$aMilano :$bMondadori$9(OLS)http://pul/publisher/50297 LEADER 01512nam a2200313 a 4500 001 000000124843 003 CaOOAMICUS 005 20110404125030.0 008 110328s2002 it u000 u ita r 020 $a88-7115-272-7 040 $aPUL$bita 082 04$a193 100 1 $aTesta, Italo.$0(OLS)http://pul/name/75362 245 10$aHegel critico e scettico :$billuminismo, repubblicanesimo e antinomia alle origini della dialettica : 1785-1800 /$cItalo Testa ; presentazione di Luigi Ruggiu. 260 $aPadova :$bIl Poligrafo,$c©2002. 300 $a350 p. ;$c21 cm 490 1 $aRicerche. Collana della Facoltą di Lettere e Filosofia dell'Universitą di Venezia ;$v28 504 $aBibliografia p. 317-343. 600 14$aHegel, Georg Wilhelm Friedrich,$d1770-1831$xCritica e interpretazione.$0(OLS)http://pul/subject/149 700 1 $aRuggiu, Luigi.$0(OLS)http://pul/name/38046 830 0$aRicerche (Il Poligrafo) ;$v28.$0(OLS)http://pul/title/157164 850 $aPUL 852 $aPUL$W1$xSL Filosofia 3$y81$m193 TESIT 1$j143762$qDDC 21$B142775$CPULBib$Z2$F142775 $H116525 $82 941 1 $a9 996 $6020$a88-7115-272-7$9(OLS)http://pul/number/146793 996 $6082$a193$9(OLS)http://pul/classification/412 996 $6245$aHegel critico e scettico :$billuminismo, repubblicanesimo e antinomia alle origini della dialettica : 1785-1800$9(OLS)http://pul/title/157400 996 $6260$aPadova :$bIl Poligrafo$9(OLS)http://pul/publisher/70506